Les films avec James Bond... ou presque - Statistiques

Statistiques générales
  • Ce quiz a été pris 4 765 fois
  • Le résultat moyen est 8 sur 14
Statistiques - réponses
Année Faux titre Vrai titre % Correct
2021 Pourrir peut attendre Mourir peut attendre
96%
2006 Casino Républicain Casino Royale
88%
1989 Permis de conduire Permis de tuer
83%
1963 Bonne fessée d'Estonie Bons baisers de Russie
67%
2002 Beurre un autre four Meurs un autre jour
67%
1981 Rien que pour vos pneus Rien que pour vos yeux
65%
2015 Fantôme Spectre
58%
1971 Les Flamands sont éternels Les diamants sont éternels
57%
1999 Raymonde ne suffit pas Le monde ne suffit pas
50%
1973 Frire et laisser bouillir Vivre et laisser mourir
50%
1967 On ne vit que peu de fois On ne vit que deux fois
46%
1965 Opération Gruyère Opération Tonnerre
40%
1974 L'Homme qui somnolait dort L'Homme au pistolet d'or
39%
1977 Les Pions de mémé L'Espion qui m'aimait
27%
Aucun quiz correspondant
Distribution des résultats
% des personnes avec chaque résultat
Percentile par nombre de réponses
Votre historique - résultats
Vous n’avez pas pris ce quiz